Daňová stimulácia a podnikateľské prostredie v SR
Daňové stimuly a ich vplyv na podnikateľské prostredie. Úľava na dani pre príjemcov investičnej pomoci. Úľava na dani pre príjemcov stimulov pre výskum a vývoj. Osobitný odvod z podnikania v regulovaných odvetviach v SR. Osobitný odvod vybraných finančných inštitúcií. Novozavedené daňové nástroje u...
Salvato in:
| Autore principale: | |
|---|---|
| Natura: | Capitolo di libro |
| Lingua: | slovacco |
| Soggetti: | |
| Tags: |
Nessun Tag, puoi essere il primo ad aggiungerne!!
|
MARC
| LEADER | 00000nla a2200000 4500 | ||
|---|---|---|---|
| 001 | 0186600 | ||
| 005 | 20240502073203.8 | ||
| 041 | 0 | |a slo | |
| 044 | |a SK | ||
| 245 | 1 | 0 | |a Daňová stimulácia a podnikateľské prostredie v SR |c Gizela Lénártová |
| 520 | |a Daňové stimuly a ich vplyv na podnikateľské prostredie. Úľava na dani pre príjemcov investičnej pomoci. Úľava na dani pre príjemcov stimulov pre výskum a vývoj. Osobitný odvod z podnikania v regulovaných odvetviach v SR. Osobitný odvod vybraných finančných inštitúcií. Novozavedené daňové nástroje u dani z príjmov od 1.1.2014. | ||
| 610 | 2 | 0 | |a dane z príjmov |
| 610 | 2 | 0 | |a zdaňovanie |
| 610 | 2 | 0 | |a odvody |
| 610 | 2 | 0 | |a stimuly |
| 610 | 2 | 0 | |a stimulovanie |
| 610 | 2 | 0 | |a legislatíva |
| 610 | 2 | 0 | |a podnikanie |
| 610 | 2 | 0 | |a výskum |
| 610 | 2 | 0 | |a vývoj |
| 610 | 2 | 0 | |a prostredie podnikateľské |
| 610 | 2 | 0 | |a inštitúcie finančné |
| 610 | 2 | 0 | |a Slovensko |
| 100 | 1 | |a Lénártová, Gizela | |